Skyrim Shouts - Statistics

General Stats
  • This quiz has been taken 41 times
  • The average score is 15 of 26
Answer Stats
First Word Second Word Third Word Shout % Correct
FusForce RoBalance DahPush Unrelenting Force
91%
YolFire ToorInferno ShulSun Fire Breath
84%
WuldWhirlwind NahFury KestTempest Whirlwind Sprint
84%
FoFrost KrahCold DiinFreeze Frost Breath
81%
TiidTime KloSand UlEternity Slow Time
78%
RaanAnimal MirAllegiance TahPack Animal Allegiance
72%
LokSky VahSpring KoorSummer Clear Skies
72%
JoorMortal ZahFinite FrulTemporary Dragonrend
69%
KaanKyne DremPeace OvTrust Kyne's Peace
69%
GolEarth HahMind DovDragon Bend Will
66%
ZunWeapon HaalHand ViikDefeat Disarm
66%
MulStrength QahArmor DiivWyrm Dragon Aspect
66%
IizIce StenFlesh NusStatue Ice Form
66%
OdSnow AhHunter ViingWing Call Dragon
63%
FeimFade ZiiSpirit GronBind Become Ethereal
59%
HunHero KaalChampion ZoorLegend Call of Valor
56%
KriiKill LunLeech AusSuffer Marked for Death
56%
ZulVoice MeyFool GutFar Throw Voice
53%
GaanStamina LahMagicka HaasHealth Drain Vitality
50%
RiiEssence VaazTear ZolZombie Soul Tear
50%
DurCurse NehNever ViirDying Summon Durnehviir
41%
LaasLife YahSeek NirHunt Aura Whisper
38%
SuAir GrahBattle DunGrace Elemental Fury
38%
FaasFear RuRun MaarTerror Dismay
34%
VenWind GaarUnleash NosStrike Cyclone
25%
MidLoyal VurValor ShaanInspire Battle Fury
6%
No matching quizzes found
Score Distribution
Percent of People with Each Score
Percentile by Number Answered
Your Score History
You have not taken this quiz